Anagrammes des villes américaines - Statistiques

Statistiques générales
  • Ce quiz a été pris 163 fois
  • Le résultat moyen est 11 sur 16
Statistiques - réponses
Anagramme Ville % Correct
aicohcg Chicago
98%
aaattln Atlanta
95%
aliehpehpild Philadelphie
93%
xinophe Phoenix
92%
ninapisolem Minneapolis
83%
lonuhoul Honolulu
79%
kenrwoy New York
75%
aelimeuwk Milwaukee
71%
qeqeuuurlba Albuquerque
70%
nininicact Cincinnati
70%
lesaloseng Los Angeles
64%
anoldor Orlando
48%
lilenvahs Nashville
42%
-vounanorellllseae La Nouvelle-Orléans
38%
annosinato San Antonio
38%
sycakitasn Kansas City
31%
Aucun quiz correspondant
Distribution des résultats
% des personnes avec chaque résultat
Percentile par nombre de réponses
Votre historique - résultats
Vous n’avez pas pris ce quiz